000 01842nam a2200301 4500
001 197
003 OSt
005 20250528074014.0
008 250203b |||||||g |||| 00| 1 eng d
020 _a8528611906
040 _bpor
041 _heng
_apor
082 _a813
_bD353o
100 1 _aDelinsky, Barbara,
_d1945-
_9360
240 _aThe summer I dared
245 _aOusadia de verão /
_cDelinsky, Barbara ; Tradução de A. B. Pinheiro de Lemos
260 _aRio de Janeiro
_bBertrand Brasil
_c2006
300 _a406 p.
520 _aAmbientada numa ilha paradisíaca, de onde os lagosteiros partem todas as manhãs e onde os vizinhos se reúnem à noite para comemorar a produção do dia, "Ousadia de Verão", de Barbara Delinsky, é uma história comovente da busca arriscada, mas compensadora, do que existe de mais sublime em cada um de nós, na qual sobressaem o instinto de sobrevivência e a capacidade inesgotável do espírito humano de se recuperar de uma tragédia e criar uma vida nova. Julia Bechtel, Noah Prine e Kim Colella, os únicos sobreviventes de um terrível acidente de barco na costa do Maine, em que nove pessoas morreram, são assombrados por uma indagação: o que acontece logo após o momento que mudará sua vida para sempre? Julia, de 40 anos, esposa e mãe, sempre seguiu o caminho da submissão. Considerada por uma família controladora e um marido cada vez mais distante como "leal" e "obediente", ela compreende, após quase ter perdido a vida, que há mais dentro de si - e no mundo ao seu redor - do que jamais imaginara.
650 0 _aLiteratura Americana
_984
650 0 _aChick Lit
_9363
650 0 _aAmor e Paixão
_925
650 0 _aFamilia
_935
655 0 _aRomance
_923
655 0 _aFicção
_922
700 _aA. B. Pinheiro de Lemos
_eTradutor
_9109
942 _2ddc
_n0
_cBK
999 _c197
_d197